000 01180cam a2200349 i 4500
999 _c526952
_d526952
001 18079285
003 NUST
005 20190720083933.0
008 140324s2013 njua b 001 0 eng
010 _a 2013372096
020 _a9781118063330 (hbk)
038 _aArshad
040 _aDLC
_beng
_cDLC
_erda
_dDLC
042 _apcc
050 0 0 _aQA76.76.O63
_bS5583 2013
082 0 0 _a005.43
_bSIL
100 1 _aSilberschatz, Abraham.
_917959
245 1 0 _aOperating system concepts /
_cAbraham Silberschatz, Yale University, Peter Baer Galvin, Pluribus Networks, Greg Gagne, Westminster College.
250 _aNinth edition.
264 1 _aNew Delhi :
_bWiley,
_c2009.
300 _a856 pages :
_billustrations ;
_c26 cm.
336 _atext
_btxt
_2rdacontent
337 _aunmediated
_bn
_2rdamedia
338 _avolume
_bnc
_2rdacarrier
504 _aIncludes bibliographical references and index.
650 0 _aOperating systems (Computers)
_96657
700 1 _aGalvin, Peter B.
_917960
700 1 _aGagne, Greg.
_917961
906 _a7
_bcbc
_corigcop
_d2
_encip
_f20
_gy-gencatlg
942 _2ddc
_cBK